| 000 | 01029nam0a2200301 4500 | ||
|---|---|---|---|
| 001 | rc\3230840 | ||
| 005 | 20250609193415.0 | ||
| 021 |
_aRU _b[74-51640] |
||
| 035 | _a(NLR Aleph) 007471128 | ||
| 090 |
_a7417652 _c7417652 |
||
| 100 | _a20130115d1974 |||y0rusy50 ca | ||
| 101 | 0 | _arus | |
| 102 | _aRU | ||
| 105 | _ay z ||||| | ||
| 200 | 1 | _aНаш округ - Ленинградский | |
| 210 |
_aЛенинград _cЛениздат _d1974 |
||
| 215 |
_a71 с. _d16 |
||
| 225 | 1 |
_aБиблиотечка допризывника _v[1] |
|
| 309 | _aВложена с 5-ю другими книгами в обертку с загл. сер. | ||
| 601 | 0 | 2 |
_aЛенинградский военный округ _xИстория _91499271 _3RU\NLR\AUTH\66649822 |
| 686 | 1 | _aЦ4,6(2)13 | |
| 700 | 1 |
_aЕфанов _bГ.Е. _gГригорий Евгеньевич |
|
| 801 | 0 |
_aRU _bNLR _gpsbo |
|
| 801 | 1 |
_aRU _bELAR _2rusmarc |
|
| 852 |
_aNLR _j74-2/1133 |
||
| 942 | _cBOOK | ||
| 980 | _aNB | ||